The noble scholar, jurist, historian


 His Excellency Dr. Abdul Wahhab bin Ibrahim Abu Sulaiman, may Allah have mercy on him.


 He was born in Umm Al-Qura in the year 1356 AH.

استحباب الدعاء بعد الفرائض ورفع اليدين فيه / (Record no. 14470)

MARC details
000 -LEADER
fixed length control field 01293cam a2200265 i 4500
003 - CONTROL NUMBER IDENTIFIER
control field SA-RiAUC
005 - DATE AND TIME OF LATEST TRANSACTION
control field 20260306115352.0
008 - FIXED-LENGTH DATA ELEMENTS--GENERAL INFORMATION
fixed length control field 260224s1997 sy g 000 0 ara c
040 ## - CATALOGING SOURCE
Original cataloging agency SA-JeALM
Language of cataloging ara
Transcribing agency SA-RiAUC
Description conventions rda
082 04 - DEWEY DECIMAL CLASSIFICATION NUMBER
Classification number 237.3
090 ## - LOCALLY ASSIGNED LC-TYPE CALL NUMBER (OCLC); LOCAL CALL NUMBER (RLIN)
Classification number (OCLC) (R) ; Classification number, CALL (RLIN) (NR) 237.3
Local cutter number (OCLC) ; Book number/undivided call number, CALL (RLIN) م ك ي
100 ## - MAIN ENTRY--PERSONAL NAME
Personal name المكي، عبدالحفيظ ملك عبدالحق
245 00 - TITLE STATEMENT
Title استحباب الدعاء بعد الفرائض ورفع اليدين فيه /
Remainder of title في ضوء كتاب الله وسنة رسوله صلى الله عليه وسلم وأقوال أئمة العلم في كل عصر ومكان
Statement of responsibility, etc. عبدالحفيظ ملك عبدالحق المكي
250 ## - EDITION STATEMENT
Edition statement الطبعة الأولى.
264 #1 - PRODUCTION, PUBLICATION, DISTRIBUTION, MANUFACTURE, AND COPYRIGHT NOTICE
Place of production, publication, distribution, manufacture مكة المكرمة :
Name of producer, publisher, distributor, manufacturer المكتبة الإمدادية،
Date of production, publication, distribution, manufacture, or copyright notice 2005
300 ## - PHYSICAL DESCRIPTION
Extent 141 صفحة ؛
Dimensions 24 سم
336 ## - CONTENT TYPE
Content type term نص
Content type code txt
Source rdacontent
Materials specified كتاب
337 ## - MEDIA TYPE
Media type term بدون وسيط
Media type code n
Source rdamedia
500 ## - GENERAL NOTE
General note ختم اهداء من السيد حسن شعيب الى الشيخ رحمه الله بتاريخ 3 / 5 / 1428 هـ
650 #7 - SUBJECT ADDED ENTRY--TOPICAL TERM
Topical term or geographic name entry element الأدعية والأوراد
Source of heading or term aucsh
650 #7 - SUBJECT ADDED ENTRY--TOPICAL TERM
Topical term or geographic name entry element الدعاء بعد الصلاة (فقه إسلامي)
Source of heading or term aucsh
650 #7 - SUBJECT ADDED ENTRY--TOPICAL TERM
Topical term or geographic name entry element العبادات (فقه إسلامي)
Source of heading or term aucsh
942 ## - ADDED ENTRY ELEMENTS (KOHA)
Source of classification or shelving scheme Dewey Decimal Classification
Koha item type Books
Suppress in OPAC No
949 ## - LOCAL PROCESSING INFORMATION (OCLC)
a SA-JeALM
d 260224
u osman123
n 1
Holdings
Withdrawn status Lost status Source of classification or shelving scheme Damaged status Not for loan Collection Home library Current library Date acquired Total checkouts Full call number Barcode Date last seen Price effective from Koha item type
    Dewey Decimal Classification     اهداء DR AbdElwahab Library DR AbdElwahab Library 03/06/2026   237.3 م ك ي 000022919 03/06/2026 03/06/2026 Books
    Dewey Decimal Classification       DR AbdElwahab Library DR AbdElwahab Library 04/13/2026   237.3 م ك ي 000023312 04/13/2026 04/13/2026 Books